Mẫu soạn thảo mơi về kinh doanh,thương mại, tài sản, đất đai, nhà ở, xây dựng, lao động

Na minha lista:
Detalhes bibliográficos
Formato: Livro
Idioma:Undetermined
Publicado em: Hà Nội Lao động - Xã hội 2007
Assuntos:
Tags: Adicionar Tag
Sem tags, seja o primeiro a adicionar uma tag!
Thư viện lưu trữ: Trung tâm Học liệu Trường Đại học Cần Thơ
LEADER 00552nam a2200169Ia 4500
001 CTU_131090
008 210402s9999 xx 000 0 und d
020 |c 90000 
082 |a 652.1 
082 |b M125 
245 0 |a Mẫu soạn thảo mơi về kinh doanh,thương mại, tài sản, đất đai, nhà ở, xây dựng, lao động 
260 |a Hà Nội 
260 |b Lao động - Xã hội 
260 |c 2007 
650 |a Correspondance 
904 |i Hiếu 
980 |a Trung tâm Học liệu Trường Đại học Cần Thơ